000
00311nam a2200109Ia 4500
008
220204s9999 xx 000 0 und d
082
_a
339.9
_b
MEA.2
100
_a
MEADE, J E
245
0
_a
Theory of international economic policy. V 2. Trade and welfare
260
_a
London
_b
Oxford University Press
942
_c
BK
999
_c
23496
_d
23496